Khảo luận về tục ngữ người Việt

Trình bày tình hình nghiên cứu tục ngữ và vấn đề đặt ra nghiên cứu tục ngữ theo hai hướng tiếp cận của các nhà folklore và của các nhà ngôn ngữ học. Xác định hình thức và nội dung, mô hình cấu trúc, vần và nhịp, hình ảnh, nghĩa của tục ngữ. Sự vận dụng và sáng tạo tục ngữ. So sánh tục ngữ Việt Nam v...

Description complète

Enregistré dans:
Détails bibliographiques
Auteur principal: Triều Nguyên
Format: Livre
Langue:Vietnamese
Publié: H. Khoa học xã hội 2010
Sujets:
Tags: Ajouter un tag
Pas de tags, Soyez le premier à ajouter un tag!
Thư viện lưu trữ: Mạng thư viện Đại học Đà Nẵng
LEADER 01717aam a22003858a 4500
001 000007006
003 3167
005 20120516080506.0
008 110926s2010 viesd
020 |d 2000b 
041 0 |a vie 
082 1 4 |2 14  |a 398.209597  |b TR-N 
100 1 |a Triều Nguyên 
245 1 0 |a Khảo luận về tục ngữ người Việt  |c Triều Nguyên 
260 |a H.  |b Khoa học xã hội  |c 2010 
300 |a 405tr.  |c 21cm 
500 |a ĐTTS ghi: Hội Văn nghệ dân gian Việt Nam 
504 |a Thư mục: tr. 391-402 
520 |a Trình bày tình hình nghiên cứu tục ngữ và vấn đề đặt ra nghiên cứu tục ngữ theo hai hướng tiếp cận của các nhà folklore và của các nhà ngôn ngữ học. Xác định hình thức và nội dung, mô hình cấu trúc, vần và nhịp, hình ảnh, nghĩa của tục ngữ. Sự vận dụng và sáng tạo tục ngữ. So sánh tục ngữ Việt Nam với tục ngữ Mường, Chăm, Pháp, Anh 
650 7 |2 Bộ TK TVQG  |a Nghiên cứu văn học 
650 7 |2 Bộ TK TVQG  |a Văn học dân gian 
650 7 |2 Bộ TK TVQG  |a Tục ngữ 
651 7 |2 Bộ TK TVQG  |a Việt Nam 
653 |a Tục ngữ 
653 |a Người Việt 
OWN |a LSP 
AVA |a UDN50  |b LSP  |d 398.209597 TR-N  |e available  |t Error 5001 Not defined in file expand_doc_bib_avail.  |f 2  |g 0  |h N  |i 0  |k 1 
999 |a From the UDN01 
AVA |a UDN50  |b LSP  |d 398.209597 TR-N  |e available  |t Error 5001 Not defined in file expand_doc_bib_avail.  |f 2  |g 0  |h N  |i 0  |k 1 
TYP |a Monograph 
TYP |a Printed language 
980 |a Mạng thư viện Đại học Đà Nẵng